000 00631nam a2200241Ia 4500
003 OSt
005 20220918200344.0
006 a|||||r|||| 00| 0
007 ta
008 220917b |||||||| |||| 00| 0 eng d
024 _a88,459
037 _cTextual
040 _aARTS
_cARTS
_beng
041 _2eng
_aeng
082 _aT41-3:44, J9
100 _aFoster J F Ed.
_993753
245 0 _aCommonwealth universities yearbook 1959
260 _c1959
650 _aHIGHER EDUCATION
700 _a Carig T Ed.
_993754
942 _hT41-3:44, J9
_cTEXL
_2CC
999 _c212147
_d212147